[Event "NOR-chT Elite 2122"]
[Site "Norway"]
[Date "2022.02.06"]
[Round "6.5"]
[White "Kvisla, Johannes Luangtep"]
[Black "Nordquelle, Daniel"]
[Result "0-1"]
[WhiteElo "2212"]
[BlackElo "2143"]
[PlyCount "136"]
[EventDate "2021.10.28"]
[EventType "team-tourn"]
[EventRounds "9"]
[EventCountry "NOR"]
[SourceTitle "EXT 2023"]
[Source "ChessBase"]
[SourceDate "2022.10.05"]
[SourceVersion "1"]
[SourceVersionDate "2022.10.05"]
[SourceQuality "1"]
[WhiteTeam "Offerspill"]
[BlackTeam "Nordstrand"]
[WhiteTeamCountry "NOR"]
[BlackTeamCountry "NOR"]

1. d4 d5 2. c4 e6 3. cxd5 exd5 4. Nc3 c6 5. Qc2 g6 6. Nf3 Bf5 7. Qb3 Qb6 8. Bf4 Qxb3 9. axb3 Nd7 10. e3 Ngf6 11. h3 Bb4 12. Nd2 0-0 13. g4 Be6 14. Bg2 Rfe8 15. 0-0 h5 16. f3 hxg4 17. hxg4 Nh7 18. Kf2 Bf8 19. Rh1 Bg7 20. b4 g5 21. Bd6 f5 22. gxf5 Bxf5 23. Nb3 Re6 24. Bg3 Nhf6 25. Nc5 Nxc5 26. bxc5 Rf8 27. Rxa7 Bd3 28. Bd6 Ng4+ 29. Kg3 Nxe3 30. Bxf8 Nf5+ 31. Kh2 Kxf8 32. Rd1 Rh6+ 33. Bh3 Bc2 34. Re1 Nh4 35. Kg3 Bxd4 36. Rxb7 Ng6 37. Ra1 Ne7 38. Kg2 Bxc5 39. Nxd5 cxd5 40. Rc1 g4 41. Bxg4 Bd6 42. Kg1 Bh2+ 43. Kg2 Bf4 44. Re1 Rh7 45. Rd7 Ba4 46. Rd8+ Kf7 47. Ra8 Rh2+ 48. Kg1 Bb5 49. Be6+ Kg7 50. Ra7 Kf6 51. Rxe7 Kxe7 52. Bxd5+ Kf6 53. Re4 Bc7 54. Bc4 Bd7 55. Re2 Rh4 56. b3 Bb6+ 57. Kg2 Rh7 58. Rd2 Rg7+ 59. Kf1 Ke5 60. Ke2 Kf4 61. Rd6 Bc5 62. Rf6+ Ke5 63. Ra6 Rg2+ 64. Ke1 Bb4+ 65. Kf1 Rb2 66. Rh6 Kf4 67. Rh7 Bf5 68. Rh4+ Kg3 0-1

[Event "Tromsoe NGP op"]
[Site "Tromsoe"]
[Date "2020.09.04"]
[Round "1"]
[White "Kreken, Eivind Grunt"]
[Black "Kvisla, Johannes Luangtep"]
[Result "1-0"]
[WhiteElo "1825"]
[BlackElo "2225"]
[PlyCount "69"]
[EventDate "2020.09.04"]
[EventType "swiss"]
[EventRounds "5"]
[EventCountry "NOR"]
[SourceTitle "EXT 2021"]
[Source "ChessBase"]
[SourceDate "2020.10.23"]
[SourceVersion "1"]
[SourceVersionDate "2020.10.23"]
[SourceQuality "1"]

1. d4 f5 2. g3 e6 3. Bg2 Nf6 4. Nf3 d5 5. 0-0 Bd6 6. c4 0-0 7. b3 b6 8. Ba3 c5 9. cxd5 exd5 10. Nc3 Bb7 11. dxc5 bxc5 12. Nh4 Ne4 13. Rc1 d4 14. Na4 Na6 15. Qd3 Qe7 16. f3 g5 17. fxe4 gxh4 18. exf5 hxg3 19. hxg3 Rae8 20. Bxb7 Qxb7 21. Rf3 Rf7 22. Nxc5 Nxc5 23. Bxc5 Bxc5 24. Rxc5 Qb4 25. Rc1 Qa3 26. Rc2 Qb4 27. Rd2 Qc5 28. Kf2 Rd8 29. Rf4 Qe5 30. Kf3 Rd6 31. Qe4 Qa5 32. Rxd4 Qe1 33. Qe8+ Kg7 34. Rxd6 Qf1+ 35. Kg4 1-0

[Event "Molde Rosecupen A"]
[Site "Molde"]
[Date "2019.06.15"]
[Round "4"]
[White "Kvisla, Johannes Luangtep"]
[Black "Bentsen, Hakon"]
[Result "1/2-1/2"]
[WhiteElo "2223"]
[BlackElo "2164"]
[PlyCount "115"]
[EventDate "2019.06.15"]
[EventType "swiss"]
[EventRounds "6"]
[EventCountry "NOR"]
[SourceTitle "EXT 2024"]
[Source "ChessBase"]
[SourceDate "2023.10.10"]
[SourceVersion "1"]
[SourceVersionDate "2023.10.10"]
[SourceQuality "1"]

1. d4 Nf6 2. Bf4 d5 3. e3 c5 4. Nf3 Nc6 5. Nbd2 e6 6. c3 cxd4 7. exd4 Nh5 8. Be3 g6 9. Be2 f5 10. Bg5 Be7 11. h4 h6 12. Bxe7 Qxe7 13. Ne5 Nxe5 14. dxe5 Ng7 15. f4 Bd7 16. a4 Bc6 17. Nb3 d4 18. Qxd4 Bxg2 19. Rg1 Qxh4+ 20. Qf2 Qxf2+ 21. Kxf2 Bd5 22. c4 Bc6 23. Rxg6 Kf7 24. Rag1 Rag8 25. Rf6+ Ke7 26. Nd4 Bd7 27. c5 h5 28. Bc4 h4 29. Rfg6 Kf7 30. Nf3 Nh5 31. R6g5 Ng3 32. Ke3 Bxa4 33. Rxg8 Rxg8 34. Nxh4 Bd7 35. b4 Rh8 36. Nf3 Ne4 37. Bd3 Rh3 38. Bf1 Rh6 39. Ng5+ Nxg5 40. Rxg5 b6 41. Bc4 Rh3+ 42. Kd4 b5 43. Ba2 Ra3 44. Rxf5+ Ke7 45. Bxe6 Bxe6 46. Rf6 Rb3 47. c6 Rxb4+ 48. Kc5 Rb1 49. f5 Bc8 50. c7 b4 51. Rh6 Bxf5 52. e6 Bxe6 53. Rxe6+ Kd7 54. Ra6 b3 55. Kb4 b2 56. Ra2 a5+ 57. Kb3 Kxc7 58. Rxb2 1/2-1/2

[Event "Ski Follosjakken Grand Prix 4 A"]
[Site "Ski"]
[Date "2018.10.13"]
[Round "6"]
[White "Sjoberg, Isak"]
[Black "Kvisla, Johannes Luangtep"]
[Result "1/2-1/2"]
[WhiteElo "1990"]
[BlackElo "2233"]
[PlyCount "108"]
[EventDate "2018.10.13"]
[EventType "swiss (rapid)"]
[EventRounds "6"]
[EventCountry "NOR"]
[SourceTitle "EXT 2024"]
[Source "ChessBase"]
[SourceDate "2023.10.10"]
[SourceVersion "1"]
[SourceVersionDate "2023.10.10"]
[SourceQuality "1"]

1. e4 e5 2. Nf3 Nc6 3. Bc4 Nf6 4. Ng5 d5 5. exd5 Na5 6. Bb5+ c6 7. dxc6 bxc6 8. Be2 h6 9. Nh3 Be6 10. d3 Bc5 11. Nc3 Qd7 12. 0-0 Bxh3 13. gxh3 Qxh3 14. Bf3 h5 15. Bg2 Qh4 16. Qf3 Rc8 17. Ne4 Nxe4 18. Qxe4 Qxe4 19. Bxe4 g6 20. Rb1 Nb7 21. b4 Bb6 22. b5 Nd8 23. Be3 f5 24. Bxb6 axb6 25. Bxc6+ Nxc6 26. bxc6 Rxc6 27. Rfe1 Kf7 28. Rxe5 Ra8 29. Rb2 Ra3 30. Reb5 Rac3 31. Rxb6 Rxb6 32. Rxb6 Rxc2 33. a4 Ra2 34. Ra6 f4 35. Kg2 g5 36. Kf3 Kg7 37. Ra7+ Kg6 38. Ra6+ Kf7 39. Ra7+ Ke6 40. Ra6+ Kd7 41. Ra7+ Kc6 42. Ra6+ Kc7 43. Rh6 g4+ 44. Kxf4 Rxf2+ 45. Kg3 Rf3+ 46. Kg2 Rf5 47. h3 gxh3+ 48. Kxh3 Rf3+ 49. Kg2 Rxd3 50. Rxh5 Ra3 51. a5 Kb7 52. Kf2 Ka6 53. Ke2 Rxa5 54. Rxa5+ Kxa5 1/2-1/2

[Event "Molde Rosecupen A"]
[Site "Molde"]
[Date "2018.06.01"]
[Round "2.2"]
[White "Kvisla, Johannes Luangtep"]
[Black "Unneland, Mathias"]
[Result "1-0"]
[WhiteElo "2261"]
[BlackElo "1946"]
[PlyCount "65"]
[EventDate "2018.06.01"]
[EventType "swiss (rapid)"]
[EventRounds "6"]
[EventCountry "NOR"]
[SourceTitle "EXT 2024"]
[Source "ChessBase"]
[SourceDate "2023.10.10"]
[SourceVersion "1"]
[SourceVersionDate "2023.10.10"]
[SourceQuality "1"]

1. c4 e6 2. d4 d5 3. Nc3 Nf6 4. cxd5 exd5 5. Bg5 c6 6. e3 Bd6 7. Bd3 h6 8. Bh4 0-0 9. Nf3 Nbd7 10. Bg3 Nb6 11. Ne5 Re8 12. 0-0 Qc7 13. Rc1 a6 14. h3 Be6 15. f4 Rad8 16. Bh4 Be7 17. Bxf6 Bxf6 18. Qh5 Nc4 19. Bxc4 dxc4 20. Ne4 Qe7 21. Nxf6+ Qxf6 22. f5 Bd5 23. Ng4 Qd6 24. f6 Re6 25. fxg7 Rg6 26. Rf2 Re8 27. Rcf1 Qe6 28. Qh4 Rxg7 29. Nf6+ Kf8 30. Nxe8 Kxe8 31. Qf4 Qxh3 32. Qe5+ Kf8 33. Qxg7+ 1-0

[Event "Gibraltar Masters 16th"]
[Site "Caleta"]
[Date "2018.01.31"]
[Round "9"]
[White "Sahajasri, Cholleti"]
[Black "Kvisla, Johannes Luangtep"]
[Result "0-1"]
[WhiteElo "2083"]
[BlackElo "2234"]
[PlyCount "46"]
[EventDate "2018.01.23"]
[EventType "swiss"]
[EventRounds "10"]
[EventCountry "GGB"]
[SourceTitle "CBM 183"]
[Source "ChessBase"]
[SourceDate "2018.03.14"]
[SourceVersion "1"]
[SourceVersionDate "2018.03.14"]
[SourceQuality "1"]

1. Nf3 Nf6 2. c4 e6 3. g3 d5 4. d4 dxc4 5. Bg2 Bd7 6. Ne5 Bc6 7. Nxc6 Nxc6 8. 0-0 Qd7 9. e3 0-0-0 10. Qa4 Nd5 11. Qxc4 h5 12. Bd2 h4 13. Rc1 hxg3 14. hxg3 f5 15. b4 g5 16. b5 Nce7 17. a4 f4 18. a5 fxe3 19. fxe3 Qd6 20. b6 a6 21. e4 Qxg3 22. exd5 Nxd5 23. Nc3 Bd6 0-1

[Event "Gibraltar Masters 16th"]
[Site "Caleta"]
[Date "2018.01.28"]
[Round "6"]
[White "Kvisla, Johannes Luangtep"]
[Black "Hewson, Brian Wr"]
[Result "1-0"]
[WhiteElo "2234"]
[BlackElo "2024"]
[PlyCount "115"]
[EventDate "2018.01.23"]
[EventType "swiss"]
[EventRounds "10"]
[EventCountry "GGB"]
[SourceTitle "CBM 183"]
[Source "ChessBase"]
[SourceDate "2018.03.14"]
[SourceVersion "1"]
[SourceVersionDate "2018.03.14"]
[SourceQuality "1"]

1. d4 d5 2. Bf4 c5 3. e3 Nc6 4. Nf3 Bg4 5. c3 Bxf3 6. Qxf3 cxd4 7. exd4 e6 8. Qg3 Nf6 9. Nd2 Nh5 10. Qf3 Nxf4 11. Qxf4 Bd6 12. Qg4 Qf6 13. Be2 g6 14. Qf3 Qxf3 15. Bxf3 Rc8 16. 0-0 Na5 17. Be2 Bf4 18. Nb3 Nc4 19. g3 Bd6 20. Rfb1 Ke7 21. a4 Rc7 22. a5 Rhc8 23. Ra2 Kf6 24. Kf1 Rc6 25. Ke1 h5 26. h4 Bf8 27. Rba1 Bd6 28. Nc1 Bf8 29. Nd3 R6c7 30. Rd1 Nd6 31. Ne5 Bh6 32. Bd3 Nf5 33. Bxf5 gxf5 34. f4 Bf8 35. Kf2 Bd6 36. Nd3 Rc4 37. Ke2 Ke7 38. Kd2 R4c7 39. Raa1 Rg8 40. Rg1 Rgc8 41. Nc1 Rc4 42. Ne2 Rg8 43. Kd3 Rc6 44. Rgf1 Kd7 45. Ra4 Re8 46. b3 Ra6 47. Rfa1 f6 48. c4 dxc4+ 49. bxc4 b6 50. axb6 Rxa4 51. Rxa4 axb6 52. Ra6 Rb8 53. Ra7+ Bc7 54. Nc3 Kc8 55. Nb5 Rb7 56. Ra8+ Rb8 57. Ra1 Kb7 58. Ra7+ 1-0

[Event "Gibraltar Challengers-A"]
[Site "Caleta"]
[Date "2018.01.24"]
[Round "3"]
[White "Bryant, Richard BE"]
[Black "Kvisla, Johannes Luangtep"]
[Result "0-1"]
[WhiteElo "2016"]
[BlackElo "2234"]
[PlyCount "114"]
[EventDate "2018.01.22"]
[EventType "swiss"]
[EventRounds "5"]
[EventCountry "GGB"]
[SourceTitle "EXT 2019"]
[Source "ChessBase"]
[SourceDate "2018.10.10"]
[SourceVersion "1"]
[SourceVersionDate "2018.10.10"]
[SourceQuality "1"]

1. e4 c6 2. d4 d5 3. exd5 cxd5 4. c4 Nf6 5. Nc3 g6 6. Nf3 Bg7 7. Bf4 0-0 8. c5 Nc6 9. Be2 Bg4 10. Ne5 Bxe2 11. Nxe2 Nd7 12. Nxc6 bxc6 13. 0-0 a5 14. Rc1 Qc8 15. Qd2 Qa6 16. Rfe1 e5 17. Bh6 e4 18. Bxg7 Kxg7 19. Rc3 h6 20. Rh3 Rh8 21. Qf4 Qb7 22. Rb3 Qc8 23. f3 Rb8 24. fxe4 Rxb3 25. axb3 dxe4 26. Nc3 f5 27. Qd6 Rf8 28. Ra1 Rf6 29. Qe7+ Rf7 30. Qd6 Rf6 31. Qe7+ Rf7 32. Qd6 Qb7 33. Qe6 Qc7 34. Qd6 Qxd6 35. cxd6 Rf6 36. Rxa5 Rxd6 37. Ne2 Nb6 38. Ra7+ Kf6 39. Rh7 h5 40. h4 Nd5 41. g3 Rd8 42. Rb7 Ra8 43. Nc3 Ra1+ 44. Kf2 Rh1 45. Nxd5+ cxd5 46. Rb6+ Kg7 47. Ke3 Rf1 48. b4 Rf3+ 49. Ke2 Rxg3 50. b5 Rb3 51. Rb7+ Kh6 52. b6 f4 53. Rb8 Rxb2+ 54. Ke1 f3 55. b7 Kg7 56. Rd8 Rxb7 57. Rxd5 e3 0-1

[Event "Oslo op"]
[Site "Fornebu"]
[Date "2017.09.29"]
[Round "1"]
[White "Kvisla, Johannes Luangtep"]
[Black "Al Tarbosh, Ward"]
[Result "0-1"]
[WhiteElo "2238"]
[BlackElo "2270"]
[PlyCount "62"]
[EventDate "2017.09.29"]
[EventType "swiss"]
[EventRounds "10"]
[EventCountry "NOR"]
[SourceTitle "CBM 181 Extra"]
[Source "ChessBase"]
[SourceDate "2017.12.12"]
[SourceVersion "1"]
[SourceVersionDate "2017.12.12"]
[SourceQuality "1"]

1. d4 d5 2. Bf4 Nf6 3. e3 c5 4. c3 e6 5. Nd2 cxd4 6. exd4 Bd6 7. Bxd6 Qxd6 8. Ngf3 0-0 9. Bd3 b6 10. Qe2 a5 11. a4 Ba6 12. Bxa6 Nxa6 13. 0-0 Nc7 14. Ne5 Rfb8 15. f4 b5 16. axb5 Rxb5 17. Nd3 g6 18. Qe5 Qd8 19. b4 Nce8 20. Qg5 axb4 21. Nxb4 Rxa1 22. Rxa1 Qc8 23. Qg3 Nd6 24. Qd3 Rb7 25. Ra6 Nde4 26. Nxe4 Nxe4 27. Nc6 Rb1+ 28. Qxb1 Qxa6 29. Ne5 Qe2 30. Nd3 Qe3+ 31. Kh1 Qxd3 0-1

[Event "Kragero Grand Prix A"]
[Site "Kragero"]
[Date "2017.09.01"]
[Round "3"]
[White "Kvisla, Johannes Luangtep"]
[Black "Miezis, Normunds"]
[Result "0-1"]
[WhiteElo "2193"]
[BlackElo "2461"]
[PlyCount "86"]
[EventDate "2017.09.01"]
[EventType "swiss (rapid)"]
[EventRounds "6"]
[EventCountry "NOR"]
[SourceTitle "EXT 2024"]
[Source "ChessBase"]
[SourceDate "2023.10.10"]
[SourceVersion "1"]
[SourceVersionDate "2023.10.10"]
[SourceQuality "1"]

1. d4 Nf6 2. c4 e6 3. Nf3 Bb4+ 4. Nbd2 c5 5. a3 Bxd2+ 6. Bxd2 cxd4 7. Nxd4 Ne4 8. e3 Nxd2 9. Qxd2 0-0 10. Be2 Nc6 11. Nxc6 bxc6 12. Qd6 Qf6 13. Rb1 e5 14. Qxf6 gxf6 15. c5 a5 16. 0-0 a4 17. Rfd1 Re8 18. Bg4 d5 19. Bxc8 Rexc8 20. Rbc1 Rcb8 21. Rc2 Ra5 22. Kf1 Rbb5 23. Rdc1 Rb3 24. Rd1 Rab5 25. Rdd2 Kf8 26. Ke2 Ke7 27. f3 f5 28. Kf2 h5 29. g3 Ra5 30. Rd1 Rbb5 31. Rdc1 Ke6 32. Ke2 Ra8 33. Rd1 h4 34. Kf2 hxg3+ 35. Kxg3 Rb3 36. Re1 Rh8 37. h4 Rxe3 38. Rxe3 f4+ 39. Kf2 fxe3+ 40. Kxe3 Rxh4 41. Rg2 d4+ 42. Kd3 Kd5 43. Rg8 f5 0-1

[Event "NOR-chB"]
[Site "Stavanger"]
[Date "2017.07.02"]
[Round "2"]
[White "Kvisla, Johannes Luangtep"]
[Black "Moen, Ole Christian"]
[Result "1/2-1/2"]
[WhiteElo "2258"]
[BlackElo "2191"]
[PlyCount "91"]
[EventDate "2017.07.01"]
[EventType "swiss"]
[EventRounds "9"]
[EventCountry "NOR"]
[SourceTitle "CBM 179 Extra"]
[Source "ChessBase"]
[SourceDate "2017.08.23"]
[SourceVersion "1"]
[SourceVersionDate "2017.08.23"]
[SourceQuality "1"]

1. d4 Nf6 2. Nf3 g6 3. Bg5 Bg7 4. Nbd2 d6 5. e4 h6 6. Bh4 g5 7. Bg3 Nh5 8. c3 c6 9. Qc2 Nd7 10. Rd1 Ndf6 11. e5 Nd5 12. Nc4 b5 13. Ne3 Nxe3 14. fxe3 Nxg3 15. hxg3 dxe5 16. Nxg5 Qd6 17. Ne4 Qg6 18. Bd3 f5 19. Be2 0-0 20. Bh5 Qe6 21. Nc5 Qd6 22. 0-0 exd4 23. exd4 Qxg3 24. Rd3 Qd6 25. Qf2 a5 26. Bf3 e6 27. Re1 Ra7 28. Rd2 Re7 29. a4 Kh8 30. Nd3 Bd7 31. Qh4 Be8 32. Rde2 b4 33. Nf4 e5 34. dxe5 Rxe5 35. Rxe5 Bxe5 36. Rd1 Qf6 37. Qxf6+ Bxf6 38. Ne6 Rf7 39. Nd8 Rd7 40. Rxd7 Bxd7 41. Bxc6 bxc3 42. bxc3 Bxc6 43. Nxc6 Bxc3 44. Kf2 Kg7 45. Kf3 Kf6 46. g4 1/2-1/2

[Event "Titled Tuesday intern Qual4 25th April"]
[Site "Chess.com INT"]
[Date "2017.04.25"]
[Round "4"]
[White "Kvisla, Johannes Luangtep"]
[Black "Nakamura, Hikaru"]
[Result "0-1"]
[WhiteElo "2318"]
[BlackElo "2793"]
[PlyCount "178"]
[EventDate "2017.04.25"]
[EventType "swiss (blitz)"]
[EventRounds "10"]
[EventCountry "USA"]
[SourceTitle "EXT 2021"]
[Source "ChessBase"]
[SourceDate "2020.10.23"]
[SourceVersion "1"]
[SourceVersionDate "2020.10.23"]
[SourceQuality "1"]

1. e4 e6 2. Nc3 d5 3. Nf3 Nf6 4. e5 Nfd7 5. d4 c5 6. dxc5 Nc6 7. Bf4 Be7 8. Bd3 Nxc5 9. 0-0 g5 10. Be3 Nxd3 11. Qxd3 g4 12. Nd4 Nxe5 13. Qb5+ Bd7 14. Qe2 Ng6 15. f4 gxf3 16. Rxf3 f5 17. Bf2 Qc8 18. Re1 Kf7 19. g4 f4 20. h4 h5 21. Nxd5 exd5 22. Rxf4+ Kg8 23. Rf5 Bxf5 24. gxf5 Bf6 25. fxg6 Qg4+ 26. Qxg4 hxg4 27. Kg2 Kg7 28. Ne6+ Kxg6 29. Nf4+ Kf7 30. Nxd5 Bxh4 31. Bxh4 Rxh4 32. Re7+ Kg6 33. Kg3 Rah8 34. Nf4+ Kf6 35. Rxb7 Rh1 36. Rxa7 Rg1+ 37. Kf2 Rc1 38. Kg3 Rxc2 39. Ra6+ Kf5 40. Ra5+ Kf6 41. Nd5+ Ke6 42. Nf4+ Kd6 43. b4 Rg8 44. Rd5+ Kc6 45. b5+ Kb6 46. a4 Ra2 47. Rd6+ Kb7 48. Rg6 Rc8 49. Rg7+ Kb8 50. Rg6 Rc3+ 51. Kxg4 Rxa4 52. Rb6+ Kc7 53. Rc6+ Rxc6 54. bxc6 Kxc6 55. Kf5 Kd6 56. Kg5 Ke5 57. Ng6+ Ke4 58. Kf6 Ra5 59. Ne7 Ra6+ 60. Kf7 Ke5 61. Ng6+ Kf5 62. Ne7+ Kg5 63. Nd5 Rd6 64. Ne7 Kf4 65. Ng6+ Ke4 66. Ne7 Ra6 67. Ng6 Kf5 68. Ne7+ Ke5 69. Ng6+ Kd4 70. Ne7 Ke4 71. Ng6 Rb6 72. Ne7 Rb4 73. Ng6 Rb7+ 74. Ne7 Ke5 75. Kf8 Ke6 76. Ng8 Rf7+ 77. Ke8 Rf1 78. Ne7 Rh1 79. Kf8 Ra1 80. Ng8 Rf1+ 81. Kg7 Rg1+ 82. Kh7 Rg2 83. Nh6 Ke7 84. Ng8+ Kf8 85. Nh6 Rg7+ 86. Kh8 Ra7 87. Ng8 Kf7 88. Nh6+ Kg6 89. Ng8 Rh7# 0-1

[Event "Oslo Nordstrand op"]
[Site "Oslo"]
[Date "2017.04.22"]
[Round "2"]
[White "Tryggestad, Andreas Garberg"]
[Black "Kvisla, Johannes Luangtep"]
[Result "1-0"]
[WhiteElo "2284"]
[BlackElo "2318"]
[PlyCount "71"]
[EventDate "2017.04.21"]
[EventType "swiss"]
[EventRounds "5"]
[EventCountry "NOR"]
[SourceTitle "CBM 178 Extra"]
[Source "ChessBase"]
[SourceDate "2017.06.22"]
[SourceVersion "1"]
[SourceVersionDate "2017.06.22"]
[SourceQuality "1"]

1. e4 c5 2. c3 Qa5 3. Nf3 Nc6 4. Bc4 Nf6 5. e5 d5 6. exd6 exd6 7. Qb3 d5 8. Bxd5 Nxd5 9. Qxd5 Be6 10. Qe4 c4 11. d4 cxd3 12. Qxd3 Rd8 13. Qe2 Be7 14. 0-0 0-0 15. Be3 Qh5 16. Nbd2 Ne5 17. Bd4 Ng6 18. Ne4 Nf4 19. Qe3 Nd5 20. Qc1 Qg4 21. Ng3 Nf4 22. Ne5 Qh4 23. Re1 Nxg2 24. Kxg2 Bd5+ 25. f3 f5 26. Qc2 f4 27. Ne4 Be6 28. Kh1 Rd5 29. Rg1 Qh5 30. Qg2 g6 31. Ng4 Rdf5 32. Rgf1 Bc4 33. Rfe1 Bd5 34. Rad1 Bh4 35. Qh3 Bxe1 36. Nh6+ 1-0

[Event "Titled Tuesday intern Qual2 11th April"]
[Site "Chess.com INT"]
[Date "2017.04.11"]
[Round "1"]
[White "Kvisla, Johannes Luangtep"]
[Black "Gamayev, Oleg"]
[Result "1-0"]
[WhiteElo "2318"]
[BlackElo "2208"]
[PlyCount "79"]
[EventDate "2017.04.11"]
[EventType "swiss (blitz)"]
[EventRounds "10"]
[EventCountry "USA"]
[SourceTitle "EXT 2021"]
[Source "ChessBase"]
[SourceDate "2020.10.23"]
[SourceVersion "1"]
[SourceVersionDate "2020.10.23"]
[SourceQuality "1"]

1. d4 g6 2. c4 Bg7 3. Nf3 d6 4. Nc3 Nd7 5. e4 e5 6. Be2 Ne7 7. 0-0 0-0 8. Be3 c6 9. dxe5 Nxe5 10. Nxe5 dxe5 11. c5 Be6 12. Qc2 Qc7 13. b4 Rad8 14. Rfd1 Rxd1+ 15. Rxd1 Rd8 16. a4 a6 17. f3 f6 18. Nb1 Rxd1+ 19. Qxd1 Qd7 20. Qxd7 Bxd7 21. Na3 Kf8 22. Nc4 Nc8 23. Na5 Ke7 24. Nxb7 Bf8 25. Bxa6 Na7 26. Bc4 Bc8 27. Nd6 Kd7 28. b5 cxb5 29. axb5 Kd8 30. Nf7+ Ke8 31. Nd6+ Kd8 32. Nxc8 Nxc8 33. b6 Ne7 34. Bb5 f5 35. c6 f4 36. c7+ Kc8 37. Ba6+ Kd7 38. Bc5 Nc8 39. Bxc8+ Kxc8 40. Bxf8 1-0

[Event "Titled Tuesday intern Qual2 11th April"]
[Site "Chess.com INT"]
[Date "2017.04.11"]
[Round "9"]
[White "Kvisla, Johannes Luangtep"]
[Black "Meier, Georg"]
[Result "0-1"]
[WhiteElo "2318"]
[BlackElo "2621"]
[PlyCount "162"]
[EventDate "2017.04.11"]
[EventType "swiss (blitz)"]
[EventRounds "10"]
[EventCountry "USA"]
[SourceTitle "EXT 2021"]
[Source "ChessBase"]
[SourceDate "2020.10.23"]
[SourceVersion "1"]
[SourceVersionDate "2020.10.23"]
[SourceQuality "1"]

1. d4 e6 2. c4 Nf6 3. Nc3 Bb4 4. e3 0-0 5. Nge2 d5 6. a3 Bd6 7. c5 Be7 8. b4 c6 9. Nf4 b6 10. Be2 a5 11. Bd2 Ba6 12. 0-0 Bxe2 13. Qxe2 Nbd7 14. Nd3 axb4 15. axb4 Qc7 16. Rab1 Rfc8 17. f3 bxc5 18. bxc5 e5 19. Be1 exd4 20. exd4 Re8 21. Bg3 Qc8 22. Qd2 Bd8 23. Rfe1 Ba5 24. Qc2 Rxe1+ 25. Rxe1 Nf8 26. Rb1 Ne6 27. Ne2 Nd7 28. Bd6 Bd8 29. Ne5 Nxe5 30. Bxe5 Bc7 31. Qf5 Rb8 32. Re1 g6 33. Qf6 Bxe5 34. Qxe5 Qc7 35. Qxc7 Nxc7 36. Nf4 Kf8 37. Nd3 f6 38. Ra1 Nb5 39. Ra4 Ke7 40. Kf2 Kd7 41. g4 h5 42. gxh5 gxh5 43. h4 Re8 44. Nf4 Rh8 45. Rb4 Nc7 46. Rb7 Kc8 47. Ra7 Kb8 48. Ra1 Nb5 49. Ke3 Kc7 50. Kd3 Kb7 51. Re1 Rg8 52. Re7+ Ka6 53. Re6 Kb7 54. Nxd5 cxd5 55. Rb6+ Kc7 56. Rxb5 Rg3 57. Ke3 Rh3 58. Rb6 Rxh4 59. Rxf6 Rh1 60. Rc6+ Kb7 61. Rd6 h4 62. Rxd5 h3 63. Kf2 Kc7 64. Rh5 h2 65. Ke2 Ra1 66. Ke3 h1Q 67. Rxh1 Rxh1 68. f4 Kc6 69. Ke4 Re1+ 70. Kf5 Kd5 71. Kf6 Kxd4 72. c6 Rc1 73. f5 Rxc6+ 74. Ke7 Ke5 75. f6 Rxf6 76. Kd7 Rh6 77. Ke7 Rh7+ 78. Kf8 Kf6 79. Kg8 Rb7 80. Kh8 Kg6 81. Kg8 Rb8# 0-1

[Event "Titled Tuesday intern Qual2 11th April"]
[Site "Chess.com INT"]
[Date "2017.04.11"]
[Round "3"]
[White "Kvisla, Johannes Luangtep"]
[Black "Smith, Tommy"]
[Result "1-0"]
[WhiteElo "2318"]
[BlackElo "2046"]
[PlyCount "67"]
[EventDate "2017.04.11"]
[EventType "swiss (blitz)"]
[EventRounds "10"]
[EventCountry "USA"]
[SourceTitle "EXT 2021"]
[Source "ChessBase"]
[SourceDate "2020.10.23"]
[SourceVersion "1"]
[SourceVersionDate "2020.10.23"]
[SourceQuality "1"]

1. d4 e6 2. c4 f5 3. g3 Nf6 4. Bg2 Be7 5. Nf3 0-0 6. 0-0 d6 7. b4 a5 8. b5 Nbd7 9. Bb2 Nb6 10. Nbd2 a4 11. Rc1 a3 12. Ba1 Ne4 13. Qc2 d5 14. c5 Na4 15. Ne5 Bd7 16. Rb1 Bf6 17. Ndf3 g5 18. Nd3 Ra5 19. Nfe5 Be8 20. f3 Bxe5 21. dxe5 Rxb5 22. Rxb5 Bxb5 23. fxe4 dxe4 24. Nb4 c6 25. Rd1 Qe7 26. Rd6 Re8 27. Bd4 Qc7 28. Qb3 Kf7 29. Bh3 g4 30. Bf1 Re7 31. Qxa3 Qa5 32. Qb3 Ba6 33. Nxa6 bxa6 34. Rxc6 1-0